Im Ausländerlager Lahde - wo wird unsere neue Heimat sein?
| Titel: | Im Ausländerlager Lahde - wo wird unsere neue Heimat sein? : aus dem Tagebuch einer lettischen DP-Familie : der Amtsbereich Lahde unter dem Einfluss der örtlichen Kraftwerkprojekte und als DP-Lager der Militärregierung ab 1945 / Hermann Kleinebenne |
|---|---|
| Verfasser: | |
| Veröffentlicht: | Petershagen : Hermann Kleinebenne, [2016] |
| Umfang: | 304 Seiten : Illustrationen ; 23 cm |
| Format: | Buch |
| Sprache: | Deutsch |
| Hinweise zum Inhalt: |
Inhaltsverzeichnis
|
X
alg: 39747778 001A $06000:05-01-17 001B $01999:27-05-17 $t11:44:47.000 001C $03004:22-05-17 $t11:52:53.000 001D $06000:19-01-17 001U $0utf8 001X $00 002@ $0Aax 002C $aText $btxt $2rdacontent 002D $aohne Hilfsmittel zu benutzen $bn $2rdamedia 002E $aBand $bnc $2rdacarrier 003@ $0397477783 003O $0969439773 $aOCoLC 004A $fBroschur 006G $01121684831 006H $0TOCNEUA1701 $2DNB 006U $017,B03 $f20161214 007A $01121684831 $aDNB 007G $0DE02047C727B0A2F22F37C125812C00335291 009P $qapplication/pdf $A2 $3Inhaltsverzeichnis $uhttp://scans.hebis.de/HEBCGI/show.pl?39747778_toc.pdf $mV:DE-603;B:DE-Mb50 010@ $ager 010E $erda 011@ $a2016 $n[2016] 017A $asf 021A $aIm Ausländerlager Lahde - wo wird unsere neue Heimat sein? $daus dem Tagebuch einer lettischen DP-Familie : der Amtsbereich Lahde unter dem Einfluss der örtlichen Kraftwerkprojekte und als DP-Lager der Militärregierung ab 1945 $hHermann Kleinebenne 028A $BVerfasser $4aut $7112205758X $8Kleinebenne, Hermann$Z1947- [Tp3] $9397000901 033A $pPetershagen $nHermann Kleinebenne 034D $a304 Seiten 034I $a23 cm 034M $aIllustrationen 044K $RPetershagen $RLahde $74751245-3 $8Petershagen-Lahde [Tg1] $9114385971 044K $RLagerung $#Warehouses Management $#Entrepôts Gestion $#Lager $74125574-4 $8Lager [Ts1] $908542384X 044K $RZwangsarbeiter $RHeimatloser Ausländer $RFlüchtling $#Refugees $#Réfugiés $#Profughi $#Displaced Person $#DP $74140484-1 $8Displaced Person [Ts1] $9085539031 045E $c943 $c940 045F $a943.565808740899193 $eDDC22ger 045F/01 $a943.0874 045F/03 $f092 045G/03 $g435658 045G/03 $l9193 045R $aGeschichte 1945-1948 lok: 39747778 24 exp: 39747778 24 1 #EPN 201B/01 $022-05-17 $t11:55:16.000 201C/01 $004-05-17 201U/01 $0utf8 203@/01 $0805967443 208@/01 $a22-05-17 $bz 209A/01 $a17.02477 $du $f050 $h17 02477 $x00 209C/01 $a17.02477 K $h17 02477 K 209G/01 $a73741289 $x00 220C/01 $aeng/hae 247C/01 $8358050-7Marburg, Bibliothek des Herder-Instituts Marburg $9102600961
| LEADER | 00000cam a22000002c 4500 | ||
|---|---|---|---|
| 001 | 397477783 | ||
| 003 | DE-603 | ||
| 005 | 20170527114447.0 | ||
| 007 | tu | ||
| 008 | 170105s2016 xx |||| | u00||u|ger | ||
| 015 | |a 17,B03 |2 dnb | ||
| 016 | 7 | |2 DE-101 |a 1121684831 | |
| 035 | |a (DE-599)DNB1121684831 | ||
| 035 | |a (OCoLC)969439773 | ||
| 040 | |a DE-603 |b ger |c DE-603 |d DE-603 |e rda | ||
| 041 | |a ger | ||
| 082 | 0 | 4 | |8 1\u |a 943.565808740899193 |q DE-101 |2 22/ger |
| 084 | |a 943 |a 940 |q DE-101 |2 sdnb | ||
| 085 | |8 1\u |b 943.0874 | ||
| 085 | |8 1\u |z 1 |s 092 | ||
| 085 | |8 2\u |z 2 |s 435658 | ||
| 085 | |8 2\u |z 5 |s 9193 | ||
| 090 | |a b | ||
| 100 | 1 | |a Kleinebenne, Hermann |d 1947- |e Verfasser |4 aut |0 (DE-603)397000901 |0 (DE-588)112205758X |2 gnd | |
| 245 | 0 | 0 | |a Im Ausländerlager Lahde - wo wird unsere neue Heimat sein? |b aus dem Tagebuch einer lettischen DP-Familie : der Amtsbereich Lahde unter dem Einfluss der örtlichen Kraftwerkprojekte und als DP-Lager der Militärregierung ab 1945 |c Hermann Kleinebenne |
| 264 | 1 | |a Petershagen |b Hermann Kleinebenne |c [2016] | |
| 300 | |a 304 Seiten |b Illustrationen |c 23 cm | ||
| 336 | |a Text |b txt |2 rdacontent | ||
| 337 | |a ohne Hilfsmittel zu benutzen |b n |2 rdamedia | ||
| 338 | |a Band |b nc |2 rdacarrier | ||
| 648 | 7 | |a Geschichte 1945-1948 |2 gnd | |
| 650 | 7 | |a Lager |0 (DE-588)4125574-4 |0 (DE-603)08542384X |2 gnd | |
| 650 | 7 | |a Displaced Person |0 (DE-588)4140484-1 |0 (DE-603)085539031 |2 gnd | |
| 651 | 7 | |a Petershagen-Lahde |0 (DE-588)4751245-3 |0 (DE-603)114385971 |2 gnd | |
| 856 | 4 | 2 | |m V:DE-603;B:DE-Mb50 |q application/pdf |u http://scans.hebis.de/HEBCGI/show.pl?39747778_toc.pdf |3 Inhaltsverzeichnis |
| 924 | 0 | |9 Mb 50 |a (DE-603)805967443 |b DE-Mb50 |c HES |d c |g 17.02477 | |


